000 00556nam a2200193 i 4500
001 37345
003 ES-MaACL
005 20230906155544.0
007 t|
008 030220s1968 sp ||||1| spa d
100 1 _aBuero Vallejo, Antonio,
_d1916-2000
_932421
245 1 0 _aHoy es fiesta
_b: ; Las meninas ; El tragaluz /
_cAntonio Buero Vallejo.
260 _a[Madrid] :
_bTaurus,
_c[1968]
300 _a357 p. ;
_c18 cm.
740 4 _aLas meninas.
740 3 _aEl tragaluz.
852 _aES-MaACL
_jC-35309
_bR.67694
999 _c37345
_d37345